Дело об учреждении для Эриванской губернии местечка Карсской области дирекции народных училищ или же об учреждении особой должно...

Доступно только в Электронных читальных залах Найти на картеНа карте
RUSMARC
00003849nmc2a22000003x 450
001c30da92b-2e74-49c3-8aef-5486f5ee4333
00520201228170240.0
100##$a20190731l18941903k l0rusy0189 ca
1010#$arus
102##$aRU
2001#$aДело об учреждении для Эриванской губернии местечка Карсской области дирекции народных училищ или же об учреждении особой должности инспектора народных училищ для Карсской области
$j25 августа 1894 г. - 23 февраля 1903 г.
251##$cДело
300##$aДело
801#0$aRU
$bРГИА
$c20190731
$gRCR
801#1$aRU
$bГлавНИВЦ
$c20190731
$2rusmarc
801#2$aRU
$bПБ им. Б.Н. Ельцина
$c20201228
$gRCR
$2rusmarc
850##$aРГИА
852##$aРГИА
$eФедеральное казенное учреждение "Российский государственный исторический архив" (РГИА)
$j655
937##$hРГИА
$d12308573
$aASBIBLIO_SCAN
462#0$1001b92bb9f0-9274-4a14-a5f0-ac7081e69216
$12001
$aДела разряда учительских семинарий и начальных училищ Департамента народного просвещения за 1891-1904 гг
$1251
$cОпись
$1852
$j172
461#0$1001a74412a3-3cc5-4d21-8f0a-dfe2fbd9e72d
$12001
$aДепартамент народного просвещения Министерства народного просвещения (1803-1917)
$1251
$cФонд
$1852
$j733
215##$a180 л.
$d36,5х26 см
371##$aДокумент не является опубликованным и широко распространяемым
105##$ay###
1222#$ad
035##$ac30da92b-2e74-49c3-8aef-5486f5ee4333
856##$uhttp://readingroom.main.prlib.ru/item.aspx?id_node=n153287168&mode=full
Формат отображения